Elektronická řízená dokumentace v praxi
Moderné aplikácie na podporu riadenia elektronickej dokumentácie. Prístupové práva a elektronické podpisy. Kolobeh dokumentov a práca off-line. Kontrolné mechanizmy a archivácia elektronickej dokumentácie.
Uložené v:
| Hlavný autor: | |
|---|---|
| Médium: | Kapitola |
| Jazyk: | Czech |
| Predmet: | |
| Tagy: |
Žiadne tagy, Buďte prvý, kto otaguje tento záznam!
|
MARC
| LEADER | 00000naa a2200000 4500 | ||
|---|---|---|---|
| 001 | 0150486 | ||
| 005 | 20231012072029.1 | ||
| 041 | 0 | |a cze | |
| 044 | |a SK | ||
| 245 | 1 | 0 | |a Elektronická řízená dokumentace v praxi |c Stanislaw Marszalek |
| 520 | |a Moderné aplikácie na podporu riadenia elektronickej dokumentácie. Prístupové práva a elektronické podpisy. Kolobeh dokumentov a práca off-line. Kontrolné mechanizmy a archivácia elektronickej dokumentácie. | ||
| 610 | 2 | 0 | |a technológie informačné |
| 610 | 2 | 0 | |a technológie komunikačné |
| 610 | 2 | 0 | |a spracovanie textov |
| 610 | 2 | 0 | |a spracovanie dát |
| 610 | 2 | 0 | |a dokumenty elektronické |
| 610 | 2 | 0 | |a systém off-line |
| 610 | 2 | 0 | |a podpis elektronický |
| 100 | 1 | |a Marszalek, Stanislaw | |